Datum a čas kvízu
41
Celkem bodů
Celkový počet nahraných bodů na tomto kvízu bez doplňovacích otázek.
1.
Pořadí na kvízu
Konečné umístění týmu na tomto kvízu.
Zaznamenané odpovědi
| # | Otázka | Odpověď | Body | Výsledky |
|---|---|---|---|---|
| 1. | Automobilka Škoda v minulém tý... | Laurin & Klement Kampus | 1 | |
| 2. | Které tři evropské země uznaly... | Norsko, Španělsko, Irsko | 1 | |
| 3. | Jak se nazývá literární festiv... | Svět knihy | 1 | |
| 4. | V pondělí se podíval do vesmír... | nejstarší člověk ve vesmíru | 1 | |
| 5. | Jak se jmenuje 23letý český te... | Tomáš Macháč | 1 | |
| 6. | Jak se nazývají dva nejdůležit... | Franská říše, Byzantská (Východořímská) říše | 1 | |
| 7. | Jak se jmenoval významný střed... | Magna Carta (Magna charta libertatum) | 1 | |
| 8. | Na fotografii vidíme sochu prv... | Arnošt z Pardubic | 1 | |
| 9. | Vytvořte z těchto středověkých... | 1B 2A 3D 4C | 1 | |
| 10. | Závěrem tématu se podíváme na... | šlojíř, šlář | 1 |